000 00317nam a2200145Ia 4500
100 _aPollack/S.V
942 _cBK
654 _aTurbo Pascal
245 _aEffective programming in Turbo Pascal
260 _bBrooks
_aCalifornia
_c1991
082 _a1.6424
_bPOL
300 _a756
546 _aENGLISH
999 _c29089
_d29089